| 000 | 01103cam a2200157 4500500 | ||
|---|---|---|---|
| 005 | 20260111102012.0 | ||
| 041 | _afre | ||
| 042 | _adc | ||
| 100 | 1 | 0 |
_aSarrazin-Auriol, Corinne _eauthor |
| 245 | 0 | 0 | _aActions et réactions de l'école face à la délinquance |
| 260 | _c2005. | ||
| 500 | _a88 | ||
| 520 | _aRésumé L’école, longtemps considérée à l’abri de la violence et de la délinquance, a mis en œuvre à partir des années 1980, tout un éventail de mesures pour tenter de traiter et prévenir ces phénomènes. Toutefois, les moyens importants mobilisés ne seraient rien sans la volonté des personnes et des équipes à faire réussir leurs élèves, à modifier leurs comportements pour éviter la rupture scolaire et l’exclusion sociale. De sa place d’assistante sociale, c’est de cet engagement dont l’auteur peut témoigner, de leur créativité mais aussi des limites et des forces institutionnelles. | ||
| 786 | 0 | _nEmpan | 59 | 3 | 2005-09-01 | p. 80-90 | 1152-3336 | |
| 856 | 4 | 1 | _uhttps://shs.cairn.info/revue-empan-2005-3-page-80?lang=fr&redirect-ssocas=7080 |
| 999 |
_c1629775 _d1629775 |
||